000
00306nam a2200133Ia 4500
008
200103s9999||||xx |||||||||||||| ||und||
040
_a
IMU-MPC
082
_a
Column-64
100
_a
Taffrail
245
0
_a
Salt Water Quize
260
_b
Hodder and Stoughton, London
_c
1952
300
_a
158
942
_c
BK
999
_c
11421
_d
11421